| 000 | 00842nam a22003017a 4500 | ||
|---|---|---|---|
| 001 | 0000470 | ||
| 003 | KOHA_MİRAKIL | ||
| 005 | 20260207001211.0 | ||
| 007 | ta | ||
| 008 | 081212b2007 tu |||gr||||#||||0|tur | | ||
| 020 |
_a9789755114750 _cYTL14,82 |
||
| 040 |
_aTR-BiSEU _btur _cTR-BiSEU _erda |
||
| 041 | 0 | _atur | |
| 044 | _ctu | ||
| 050 |
_aTK3001 _b.T67 2007 |
||
| 100 | 1 | _aTosun, İlyas. | |
| 245 | 1 |
_aEnerji iletimi ve dağıtımı/ _cİlyas Tosun ; İlyas Tosun. |
|
| 264 | 1 |
_aİstanbul : _bBirsen _c2007 |
|
| 300 | _a192 sayfa; 24cm. | ||
| 336 |
_ametin _btxt _2rdacontent |
||
| 337 |
_aaracısız _bn _2rdamedia |
||
| 338 |
_acilt _bnc _2rdacarrier |
||
| 500 | _aKaynakça var. | ||
| 650 | 0 |
_aEnerji aktarimi. _92658 |
|
| 650 | 0 |
_aElektrik gücü dağitimi. _92659 |
|
| 650 | 0 |
_aElektrik hatlari. _92660 |
|
| 942 |
_2lcc _cBK |
||
| 999 |
_c471 _d471 |
||